=LDR 00000nam 2200000 4500 =001 INLIS000000000023761 =005 20160906120805.0 =006 =007 =008 Ind =035 ##$$0010-061300000023761 =041 ##$$a Ind =082 ##$$a 420.07 =090 ##$$a 420.07, Asa m =100 ##$$a Asa, Paul =245 ##$$a Mari belajar bahasa inggris, Paul Asa =260 ##$$a 2003 $b Jakarta =300 ##$$a 348 hlm, ilus, 26 cm =650 ##$$a Bahasa inggris =850 ##$$a NBPNMAT =990 ##$$a 0001/BPAP-NTB/20142014